Subdivision capitals closest to Wrocław (PL) - Statistics

General Stats
  • This quiz has been taken 56 times
  • The average score is 11 of 20
Answer Stats
Distance (km) Answer % Correct
8 169 Katowice
87%
18 236 Kraków
87%
10 184 Łódź
87%
5 144 Poznań
87%
1 79 Opole
82%
14 216 Praha
78%
3 140 Zielona Góra
71%
16 230 Dresden
69%
7 168 Ostrava
62%
12 215 Brno
56%
15 218 Gorzów Wielkopolski
53%
19 237 Toruń
53%
17 233 Bydgoszcz
47%
4 143 Liberec
40%
2 131 Hradec Králové
38%
9 169 Olomouc
33%
6 148 Pardubice
31%
20 243 Žilina
22%
11 214 Zlín
22%
13 216 Ústí nad Labem
20%
No matching quizzes found
Score Distribution
Percent of People with Each Score
Percentile by Number Answered
Your Score History
You have not taken this quiz